000 00814nab a2200241 u 4500
001 19949
003 HDC
007 cr bn ---aaaaa
008 210303c |r|noo 0 a d
040 _aHDC
245 0 _aINDONESIA IMPORTS ONE MILLION TON RICE FROM PAKISTAN: INDONESIAN ENVOY
260 _a[No place] :
_b[publisher not identified],
_c2016
336 _atext
_2rdacontent
337 _acomputer
_2rdamedia
338 _aonline resource
_2rdacarrier
650 _aBilateral relation
_917932
650 _aHalal food industry
_9128
710 _aCUSTOMS TODAY
856 _zRequest full-text at [email protected]
942 _2lcc
942 _cNEWS
942 _kNWSO 009856
999 _c17265
_d17265